<?xml version="1.0" encoding="UTF-8"?>
<marc:record xmlns:marc="http://www.loc.gov/MARC21/slim">
   <marc:leader>00000nam a2200000 a 4500</marc:leader>
   <marc:datafield ind1="1" ind2=" " tag="100">
      <marc:subfield code="a">Riordan, Rick</marc:subfield>
      <marc:subfield code="4">aut</marc:subfield>
      <marc:subfield code="e">Verfasser/-in</marc:subfield>
   </marc:datafield>
   <marc:datafield ind1="0" ind2="0" tag="245">
      <marc:subfield code="a">Tochter der Tiefe</marc:subfield>
   </marc:datafield>
   <marc:datafield ind1="0" ind2="0" tag="245">
      <marc:subfield code="c">Rick Riordan</marc:subfield>
   </marc:datafield>
   <marc:datafield ind1=" " ind2="1" tag="264">
      <marc:subfield code="a">Hamburg</marc:subfield>
      <marc:subfield code="b">Silberfisch</marc:subfield>
      <marc:subfield code="c">2022</marc:subfield>
   </marc:datafield>
   <marc:datafield ind1="1" ind2=" " tag="520">
      <marc:subfield code="a">Angaben aus der Verlagsmeldung

Tochter der Tiefe : 5 CDs / von Rick Riordan

Mit Rick Riordan 20.000 Meilen unter dem Meer

Als die Meeres-Akademie hinter Ana in die Luft fliegt, kann sie es nicht fassen. Welcher unbekannte Feind hat es da auf sie abgesehen? Mit ihren Freunden flieht sie aufs Meer, doch auch hier sind sie nicht sicher. Ein Geheimnis nach dem anderen kommt ans Licht: Ana ist die letzte Erbin von Kapitän Nemo und deshalb die Einzige, die das legendäre U-Boot Nautilus wieder flott machen kann. Als sie das Boot finden, stellt sich heraus, dass Ana über Musik sogar mit der Nautilus kommunizieren kann, denn diese ist von künstlicher Intelligenz beseelt. Doch ihre Gegner haben sie bereits aufgespürt …

</marc:subfield>
   </marc:datafield>
   <marc:datafield ind1=" " ind2=" " tag="020">
      <marc:subfield code="a">9783745603644</marc:subfield>
      <marc:subfield code="9">9783745603644</marc:subfield>
   </marc:datafield>
   <marc:datafield ind1=" " ind2=" " tag="020">
      <marc:subfield code="a">3745603648</marc:subfield>
      <marc:subfield code="9">3745603648</marc:subfield>
   </marc:datafield>
   <marc:datafield ind1=" " ind2=" " tag="041">
      <marc:subfield code="a">ger</marc:subfield>
   </marc:datafield>
   <marc:datafield ind1=" " ind2=" " tag="300">
      <marc:subfield code="a">6 CDs</marc:subfield>
   </marc:datafield>
</marc:record>
